LEADER 01021nam a2200265 u 4500 001 000000056607 003 CaOOAMICUS 005 20070226120507.0 008 010410s1971 fr u000 u fre u 035 $a10885531 040 $aPUL(R)$bita 100 1 $aFédou, René.$0(OLS)http://pul/name/14011 245 12$aL'Etat au moyen age /$cRené Fédou. 260 $aParis :$bPresses Universitaire de France,$c1971. 300 $a212 p. ;$c18 cm 490 1 $aHistorien ;$v8 500 $aContiene indici. 504 $aBibliografia in nota. 650 4$aStato$xConcetto$xStoria.$0(OLS)http://pul/subject/10055 830 0$aHistorien ;$v8.$0(OLS)http://pul/title/75708 850 $aPUL 852 $aPUL$W1$xDP1 Altre Collocazioni$y17$mSenza collocazione$j12$nBK-PRI$b $qStampati$B74225$CPULBib$Z2$F74225 $H $81 941 1 $a8 996 $6245$aL'Etat au moyen age$9(OLS)http://pul/title/75707 996 $6260$aParis :$bPresses Universitaire de France$9(OLS)http://pul/publisher/65860 LEADER 01836nam a2200373 a 4500 001 000000123645 003 CaOOAMICUS 005 20101103143800.0 008 101103t2010 it u000 u ita r 020 $a978-88-598-0549-6 (v. 1 e 2) 040 $aPUL$bita 082 04$a346.4506 110 1 $aItalia.$kLeggi, statuti, ecc.$0(OLS)http://pul/name/10145 245 10$aCodice commentato delle società /$ca cura di Niccolò Abriani - Mario Stella Richter ; con la collaborazione di C. Bavetta ... [et al.]. 260 $aTorino :$bUTET Giuridica,$c©2010. 300 $a2 v. ;$c22 cm. 490 1 $aI codici ipertestuali 500 $aSulla coperta: Con banca dati. 500 $aTesto su due colonne. 505 0 $av. 1. Artt. 2247-2483 c.c. -- v. 2. Artt. 2484-2641 c.c. T.U.F. Normativa complementare. 650 4$aDiritto societario.$0(OLS)http://pul/subject/29527 700 1 $aAbriani, Niccolò,$d1966-$0(OLS)http://pul/name/75372 700 1 $aRichetr, Mario Stella.$0(OLS)http://pul/name/77925 700 1 $aBavetta, Carlo.$0(OLS)http://pul/name/77926 830 2$aI codici ipertestuali.$0(OLS)http://pul/title/105453 850 $aPUL 852 $aPUL$W1$xSL Diritto e Scienze Sociali 3$y79$m348. 45 COD 4.1.16.1$j142356$av. 1$qDDC 21$B141319$CPULBib$Z2$F141319 $H114776 $82 852 $aPUL$W1$xSL Diritto e Scienze Sociali 3$y79$m348. 45 COD 4.1.16.2$j142357$av. 2$qDDC 21$B141320$CPULBib$Z2$F141320 $H114777 $82 941 1 $a9 996 $6020$a978-88-598-0549-6 (v. 1 e 2)$9(OLS)http://pul/number/145833 996 $6082$a346.4506$9(OLS)http://pul/classification/679 996 $6245$aCodice commentato delle società$9(OLS)http://pul/title/155849 996 $6260$aTorino :$bUTET Giuridica$9(OLS)http://pul/publisher/79191